[Event "4NCL Division 1b"]
[Site "Birmingham, ENG ENG"]
[Date "2016.01.23"]
[Round "3.175"]
[White "Poobalasingam, Peter S"]
[Black "Cumming, Rhys"]
[Result "1-0"]
[WhiteElo "2239"]
[BlackElo "2168"]
[PlyCount "218"]
[EventDate "2016.01.23"]
[WhiteTeam "Barbican 4NCL 2"]
[BlackTeam "Sussex Martlets 1"]

1. d3 c5 2. e4 Nc6 3. Nf3 e6 4. Nbd2 d5 5. g3 Nf6 6. Bg2 Be7 7. O-O b6 8. Re1
Bb7 9. exd5 exd5 10. d4 O-O 11. dxc5 bxc5 12. b3 Qd7 13. Bb2 Rae8 14. Ne5 Nxe5
15. Rxe5 Qc7 16. Re1 Nd7 17. Qe2 Qc8 18. Qg4 Bf6 19. Bxf6 Nxf6 20. Qxc8 Bxc8
21. c4 d4 22. Bc6 Re6 23. Rxe6 Bxe6 24. Re1 Rc8 25. Ba4 Kf8 26. f4 h6 27. Kg2
Rc7 28. h3 Bc8 29. Re5 g6 30. g4 Nd7 31. Bxd7 Bxd7 32. Kf2 f6 33. Rd5 f5 34.
Kg3 Ke7 35. Nf3 Be6 36. Re5 Kd6 37. Nh4 fxg4 38. hxg4 g5 39. Nf5+ Bxf5 40. gxf5
Re7 41. Rd5+ Kc6 42. fxg5 hxg5 43. f6 Rf7 44. Rf5 d3 45. Kf2 g4 46. Ke3 g3 47.
Kxd3 g2 48. Rg5 Rxf6 49. Rxg2 Re6 50. Re2 Rd6+ 51. Ke4 Re6+ 52. Kf3 Rf6+ 53.
Kg4 Kb6 54. Kg5 Rf3 55. Re6+ Kb7 56. Re2 Kb6 57. Kg4 Rf6 58. Kg3 Kc6 59. Rf2
Rg6+ 60. Kf4 Rf6+ 61. Ke3 Re6+ 62. Kd3 Kb6 63. Kc3 Rg6 64. Kb2 Rh6 65. Ka3 Rg6
66. Ka4 Ka6 67. Ka3 Kb6 68. Kb2 Rh6 69. Kc3 Rh3+ 70. Kc2 Rh6 71. Kb1 Rh1+ 72.
Kb2 Rh6 73. Rg2 Rf6 74. Ka1 Rf1+ 75. Kb2 Rf6 76. Ka3 Rh6 77. Ka4 Rf6 78. Rg3
Rh6 79. a3 Rc6 80. Rg4 Rh6 81. Rf4 Rg6 82. Rf8 Rc6 83. Rb8+ Ka6 84. Rg8 Kb6 85.
Rg4 Rh6 86. b4 cxb4 87. axb4 Rf6 88. Rg5 Rh6 89. Rg7 Rh1 90. c5+ Kc6 91. Rg6+
Kc7 92. Ka5 Kb7 93. Rg7+ Kc6 94. b5+ Kxc5 95. Rc7+ Kd6 96. Rxa7 Rh8 97. Kb6
Rb8+ 98. Rb7 Ra8 99. Rh7 Rb8+ 100. Ka6 Rg8 101. b6 Ra8+ 102. Kb7 Ra1 103. Kb8
Kc6 104. b7 Rg1 105. Rh6+ Kd7 106. Rb6 Ra1 107. Rb4 Rh1 108. Ka7 Kc6 109. Rb6+
Kd5 1-0

[Event "4NCL Division 1b"]
[Site "Birmingham, ENG ENG"]
[Date "2016.01.23"]
[Round "3.176"]
[White "Lenier, Jude A"]
[Black "Goldie, Thomas"]
[Result "0-1"]
[WhiteElo "2048"]
[BlackElo "2243"]
[PlyCount "68"]
[EventDate "2016.01.23"]
[WhiteTeam "Sussex Martlets 1"]
[BlackTeam "Barbican 4NCL 2"]

1. e4 c5 2. Nf3 d6 3. d4 cxd4 4. Nxd4 Nf6 5. Nc3 a6 6. Bc4 e6 7. Bb3 b5 8. Qe2
Be7 9. O-O O-O 10. f4 Bb7 11. a3 Qc7 12. Re1 Nc6 13. Be3 Na5 14. Bf2 Rac8 15.
e5 Nxb3 16. cxb3 Nd5 17. Nxd5 Bxd5 18. b4 Rfd8 19. Red1 Qb7 20. Be3 Qb8 21. Bf2
dxe5 22. fxe5 Bg5 23. a4 Bc4 24. Qg4 Be7 25. b3 Bd5 26. axb5 axb5 27. Ra5 Qxe5
28. Nxb5 h5 29. Qh3 Bxb4 30. Ra2 Bc6 31. Nd4 Bb7 32. Raa1 Bc3 33. Ra4 Qe4 34.
Rd3 Bxd4 0-1

[Event "4NCL Division 1b"]
[Site "Birmingham, ENG ENG"]
[Date "2016.01.23"]
[Round "3.177"]
[White "Coleman, David J"]
[Black "Willson, Ollie"]
[Result "0-1"]
[WhiteElo "2184"]
[BlackElo "2050"]
[PlyCount "116"]
[EventDate "2016.01.23"]
[WhiteTeam "Barbican 4NCL 2"]
[BlackTeam "Sussex Martlets 1"]

1. e4 c5 2. Nf3 e6 3. d4 cxd4 4. Nxd4 Nc6 5. Nb5 d6 6. c4 Nf6 7. N1c3 a6 8. Na3
d5 9. exd5 exd5 10. cxd5 Nb4 11. Be2 Nbxd5 12. Nxd5 Nxd5 13. O-O Be6 14. Bf3
Be7 15. Qa4+ b5 16. Qe4 Rc8 17. Rd1 Qa5 18. Bd2 Qb6 19. Rac1 O-O 20. Qe1 Rxc1
21. Bxc1 Nb4 22. Be3 Qb8 23. Bd4 Nxa2 24. Qe3 Rd8 25. Rd2 Bb4 26. Rc2 Qd6 27.
b3 Bxa3 28. Rxa2 Qxd4 29. Qxd4 Rxd4 30. Rxa3 Rd6 31. h3 b4 32. Ra4 Rb6 33. Bd1
Kf8 34. Kf1 Bd7 35. Ra5 Ke7 36. Be2 Be6 37. Bxa6 Bxb3 38. Bd3 Be6 39. f4 g6 40.
g4 b3 41. f5 gxf5 42. gxf5 Bd7 43. Ke2 b2 44. Bb1 Rb5 45. Ra7 Kd6 46. h4 Re5+
47. Kd2 Bxf5 48. Bxf5 Rxf5 49. Kc2 Rf2+ 50. Kb1 Ke5 51. Ra5+ Kf6 52. Rh5 Kg6
53. Rg5+ Kh6 54. Ka2 f6 55. Rb5 f5 56. Rb7 Kg6 57. h5+ Kxh5 58. Rxh7+ Kg4 0-1

[Event "4NCL Division 1b"]
[Site "Birmingham, ENG ENG"]
[Date "2016.01.23"]
[Round "3.178"]
[White "Norinkeviciute, Rasa"]
[Black "Regan, Natasha K"]
[Result "1/2-1/2"]
[WhiteElo "2036"]
[BlackElo "2060"]
[PlyCount "66"]
[EventDate "2016.01.23"]
[WhiteTeam "Sussex Martlets 1"]
[BlackTeam "Barbican 4NCL 2"]

1. c4 Nf6 2. g3 g6 3. Bg2 Bg7 4. Nc3 c5 5. e4 Nc6 6. Nf3 d6 7. O-O O-O 8. h3
Bd7 9. a3 Rb8 10. Rb1 Ne8 11. b4 b6 12. Nd5 e6 13. Ne3 f5 14. d3 Nf6 15. Ne1
Nd4 16. f4 Bc6 17. exf5 Bxg2 18. Kxg2 gxf5 19. Nf3 Qd7 20. Nc2 Qc6 21. Ncxd4
cxd4 22. Kh2 Nd7 23. Rb2 b5 24. cxb5 Qxb5 25. Re2 Qd5 26. Rc2 Nb6 27. Rc7 Rbc8
28. Rxa7 Rc3 29. Qe2 Rfc8 30. Bd2 Rc2 31. Ne1 Rb2 32. Rf2 Qa2 33. Qh5 Rf8
1/2-1/2

[Event "4NCL Division 1b"]
[Site "Birmingham, ENG ENG"]
[Date "2016.01.23"]
[Round "3.181"]
[White "Cooper, John G"]
[Black "Haria, Ravi"]
[Result "1-0"]
[WhiteElo "2258"]
[BlackElo "2406"]
[PlyCount "78"]
[EventDate "2016.01.23"]
[WhiteTeam "South Wales Dragons"]
[BlackTeam "Cambridge University 1"]

1. g3 d5 2. Nf3 Nf6 3. Bg2 e6 4. O-O Be7 5. c4 O-O 6. b3 a5 7. d4 a4 8. Ba3 Nc6
9. Bxe7 Qxe7 10. Nbd2 Rd8 11. bxa4 Qb4 12. Qb3 Qxa4 13. Qxa4 Rxa4 14. Rfc1 Bd7
15. cxd5 exd5 16. Nb3 Ne4 17. Nc5 Nxc5 18. Rxc5 Bf5 19. e3 Ra5 20. Rc3 h6 21.
Ne1 Kf8 22. Nd3 Bxd3 23. Rxd3 Na7 24. Rb3 Nb5 25. Rc1 c6 26. Rc5 Ke7 27. Bf1
Rxa2 28. Bxb5 cxb5 29. Rcxb5 Rd7 30. Rxb7 h5 31. Kg2 Rxb7 32. Rxb7+ Ke6 33.
Rb6+ Kf5 34. Rd6 Ra5 35. Kf3 g5 36. Rxd5+ Rxd5 37. e4+ Ke6 38. exd5+ Kxd5 39.
Ke3 g4 1-0

[Event "4NCL Division 1b"]
[Site "Birmingham, ENG ENG"]
[Date "2016.01.23"]
[Round "3.182"]
[White "Wallace, John Paul"]
[Black "Strugnell, Carl"]
[Result "1-0"]
[WhiteElo "2383"]
[BlackElo "2216"]
[PlyCount "91"]
[EventDate "2016.01.23"]
[WhiteTeam "Cambridge University 1"]
[BlackTeam "South Wales Dragons"]

1. d4 Nf6 2. c4 e6 3. Nc3 d5 4. Nf3 Bb4 5. Qa4+ Nc6 6. e3 O-O 7. a3 Bxc3+ 8.
bxc3 Re8 9. Bb2 a6 10. Qc2 Na5 11. cxd5 exd5 12. Bd3 c5 13. dxc5 Be6 14. Ng5 h6
15. Nxe6 Rxe6 16. c4 dxc4 17. Bxc4 Nxc4 18. Qxc4 Ne4 19. Rd1 Qg5 20. O-O Rc8
21. Rd5 Rxc5 22. Rxg5 Rxc4 23. Rxg7+ Kf8 24. Rg4 Rc2 25. Bd4 Ke7 26. Rf4 b5 27.
g4 Nc3 28. Rf5 Ne2+ 29. Kg2 Nxd4 30. exd4 Rd2 31. d5 Rg6 32. h3 Rg5 33. Re1+
Kf8 34. Rf6 a5 35. Rxh6 Rgxd5 36. Re3 Kg7 37. Rb6 Rb2 38. Rb7 Kg6 39. Rb6+ Kg7
40. Rb7 Kg6 41. h4 Rd6 42. h5+ Kg5 43. Rxf7 b4 44. Kg3 bxa3 45. Rf5+ Kh6 46.
Rxa3 1-0

[Event "4NCL Division 1b"]
[Site "Birmingham, ENG ENG"]
[Date "2016.01.23"]
[Round "3.184"]
[White "Bisby, Daniel L"]
[Black "Williamson, Roger G"]
[Result "1/2-1/2"]
[WhiteElo "2297"]
[BlackElo "2182"]
[PlyCount "71"]
[EventDate "2016.01.23"]
[WhiteTeam "Cambridge University 1"]
[BlackTeam "South Wales Dragons"]

1. e4 e5 2. Nf3 Nc6 3. Bc4 Nf6 4. d3 Be7 5. Nc3 d6 6. d4 O-O 7. d5 Nb8 8. h3 c6
9. O-O b5 10. Bb3 b4 11. Nb1 Nxe4 12. dxc6 Nf6 13. c3 bxc3 14. Nxc3 Nxc6 15.
Bg5 Rb8 16. Bxf6 Bxf6 17. Qd2 Na5 18. Bd5 Be6 19. Rfd1 Be7 20. Rac1 Nc4 21. Qe2
Nxb2 22. Rd2 Bxd5 23. Nxd5 Bg5 24. Nxg5 Qxg5 25. Rc3 Na4 26. Rg3 Qh6 27. Ne7+
Kh8 28. Nf5 Qf4 29. Nxd6 Nc5 30. Rf3 Rb1+ 31. Rd1 Rxd1+ 32. Qxd1 Qd4 33. Nxf7+
Kg8 34. Qxd4 exd4 35. Ne5 Rxf3 36. Nxf3 1/2-1/2

[Event "4NCL Division 1b"]
[Site "Birmingham, ENG ENG"]
[Date "2016.01.23"]
[Round "3.185"]
[White "Redmond, John P"]
[Black "Eckersley-Waites, Adam"]
[Result "1/2-1/2"]
[WhiteElo "2198"]
[BlackElo "2280"]
[PlyCount "181"]
[EventDate "2016.01.23"]
[WhiteTeam "South Wales Dragons"]
[BlackTeam "Cambridge University 1"]

1. Nf3 Nf6 2. c4 g6 3. Nc3 Bg7 4. e4 d6 5. d4 O-O 6. Be2 Na6 7. O-O e5 8. Be3
Ng4 9. Bg5 Qe8 10. dxe5 dxe5 11. Qc1 f6 12. Bd2 f5 13. h3 Nf6 14. exf5 gxf5 15.
Re1 c6 16. c5 e4 17. Bxa6 bxa6 18. Nd4 Kh8 19. Nde2 Nd7 20. Nf4 Nxc5 21. Nce2
Ne6 22. Bc3 Rg8 23. Bxg7+ Rxg7 24. Qc3 Kg8 25. Rad1 Nxf4 26. Nxf4 Be6 27. b3
Bd5 28. Re3 Rd8 29. Qf6 Rdd7 30. Qc3 Bf7 31. Ree1 Bd5 32. Qe3 Qe5 33. Rd2 Rd8
34. Red1 Rgd7 35. Qg3+ Rg7 36. Qe3 Rgd7 37. Rd4 Be6 38. Nxe6 Qxe6 39. Qg5+ Kf7
40. Qxd8 Rxd8 41. Rxd8 Qe5 42. R8d4 Qa5 43. R4d2 Qc3 44. Re2 h5 45. Rde1 h4 46.
Re3 Qd2 47. a4 a5 48. Kf1 c5 49. f3 Qc2 50. fxe4 fxe4 51. Rxe4 Qxb3 52. Rf4+
Kg6 53. Ree4 Qd3+ 54. Kf2 Qd2+ 55. Kg1 Qd1+ 56. Rf1 Qd8 57. Rg4+ Kh5 58. Rff4
Qd1+ 59. Kh2 Qd2 60. Rxh4+ Kg5 61. Rhg4+ Kh5 62. h4 a6 63. Rg5+ Kh6 64. Rf6+
Kh7 65. Rxc5 Qd4 66. Rh5+ Kg7 67. Rff5 Qxa4 68. Rhg5+ Kh6 69. Rh5+ Kg6 70.
Rhg5+ Kh6 71. Rh5+ Kg6 72. Rfg5+ Kf6 73. Rh6+ Kf7 74. Rh7+ Kf6 75. Rh6+ Kf7 76.
g3 Qc2+ 77. Kh3 Qc8+ 78. Rg4 Qc1 79. Rf4+ Kg7 80. Rhf6 Qh1+ 81. Kg4 Qd1+ 82.
Kg5 Qd5+ 83. R6f5 Qd8+ 84. Kg4 Qd1+ 85. Kh3 Qh1+ 86. Kg4 Qd1+ 87. Rf3 a4 88.
Rf7+ Kh6 89. R7f6+ Kg7 90. Rf7+ Kh6 91. R7f6+ 1/2-1/2

[Event "4NCL Division 1b"]
[Site "Birmingham, ENG ENG"]
[Date "2016.01.23"]
[Round "3.186"]
[White "Yanayt, Eugene"]
[Black "Zeidler, Sven P"]
[Result "0-1"]
[WhiteElo "2222"]
[BlackElo "2166"]
[PlyCount "66"]
[EventDate "2016.01.23"]
[WhiteTeam "Cambridge University 1"]
[BlackTeam "South Wales Dragons"]

1. d4 f5 2. c4 Nf6 3. Nc3 g6 4. h4 d6 5. Nh3 c6 6. Bg5 Bg7 7. Qd2 e5 8. O-O-O
Nbd7 9. dxe5 dxe5 10. e4 h6 11. Bxf6 Qxf6 12. h5 Nc5 13. hxg6 Nxe4 14. Nxe4
fxe4 15. Be2 O-O 16. g4 Qxg6 17. Qc2 Bf6 18. Kb1 Kg7 19. Ka1 Be6 20. f3 Rad8
21. fxe4 Rxd1+ 22. Rxd1 Rd8 23. Rxd8 Bxd8 24. Qd3 Bb6 25. Qf3 Bd4 26. a3 Qf7
27. Qd3 Qd7 28. Qg3 b5 29. Ng1 Qe7 30. cxb5 cxb5 31. Bxb5 Qc5 32. Ne2 Qxb5 33.
Nxd4 Qf1+ 0-1

[Event "4NCL Division 1b"]
[Site "Birmingham, ENG ENG"]
[Date "2016.01.23"]
[Round "3.187"]
[White "Jameson, David"]
[Black "Karayiannis, Costas"]
[Result "1-0"]
[WhiteElo "2095"]
[BlackElo "2158"]
[PlyCount "87"]
[EventDate "2016.01.23"]
[WhiteTeam "South Wales Dragons"]
[BlackTeam "Cambridge University 1"]

1. d4 d5 2. Nf3 Nf6 3. Bf4 c6 4. e3 Bg4 5. Nbd2 e6 6. h3 Bxf3 7. Qxf3 Bd6 8.
Bd3 Bxf4 9. Qxf4 Nbd7 10. O-O Qe7 11. e4 dxe4 12. Nxe4 Nxe4 13. Bxe4 Nf6 14.
Bf3 O-O 15. c3 Rfd8 16. Rfe1 Rac8 17. Rad1 Qc7 18. Qxc7 Rxc7 19. Kf1 Rcd7 20.
Re5 Nd5 21. Bxd5 Rxd5 22. Rde1 Kf8 23. f4 Rxe5 24. Rxe5 Rd6 25. Ke2 f6 26. Re3
Kf7 27. Kf3 Rd5 28. Re2 h5 29. g4 a5 30. Ke3 g5 31. fxg5 Rxg5 32. Kf4 h4 33.
Re5 Rxg4+ 34. Kxg4 fxe5 35. dxe5 Kg6 36. b3 b6 37. c4 b5 38. cxb5 cxb5 39. a3
b4 40. a4 Kh6 41. Kxh4 Kg6 42. Kg4 Kh6 43. h4 Kg6 44. h5+ 1-0

[Event "4NCL Division 1b"]
[Site "Birmingham, ENG ENG"]
[Date "2016.01.23"]
[Round "3.188"]
[White "Chevannes, Sabrina L"]
[Black "Smith, Olivia"]
[Result "1/2-1/2"]
[WhiteElo "2084"]
[BlackElo "1991"]
[PlyCount "53"]
[EventDate "2016.01.23"]
[WhiteTeam "Cambridge University 1"]
[BlackTeam "South Wales Dragons"]

1. d4 Nf6 2. Bg5 d5 3. e3 Ne4 4. Bf4 c5 5. Bd3 Qb6 6. Bxe4 dxe4 7. Nc3 cxd4 8.
Qxd4 Qxd4 9. exd4 Bf5 10. O-O-O g5 11. Be3 h6 12. h4 Rg8 13. hxg5 hxg5 14. Rd2
Nc6 15. Nge2 e6 16. Ng3 Bb4 17. d5 Ne5 18. Bd4 Nc4 19. Re2 O-O-O 20. Ncxe4 Bxe4
21. Nxe4 exd5 22. Nf6 Rh8 23. Rxh8 Rxh8 24. Re8+ Rxe8 25. Nxe8 Kd7 26. Ng7 b6
27. c3 1/2-1/2

[Event "4NCL Division 1b"]
[Site "Birmingham, ENG ENG"]
[Date "2016.02.13"]
[Round "5.151"]
[White "Sadler, Matthew D"]
[Black "Adair, James R"]
[Result "1-0"]
[WhiteElo "2662"]
[BlackElo "2469"]
[PlyCount "51"]
[EventDate "2016.02.13"]
[WhiteTeam "Guildford 1"]
[BlackTeam "White Rose 1"]

1. e4 e5 2. Bc4 Nf6 3. d3 Nc6 4. Nf3 Bc5 5. c3 O-O 6. Bb3 d5 7. Qe2 a5 8. a4
Be6 9. Nbd2 h6 10. exd5 Bxd5 11. Bc2 Nd7 12. g4 Nf6 13. Rg1 Bxf3 14. Nxf3 Re8
15. g5 hxg5 16. Bxg5 Qd6 17. O-O-O Qe6 18. Nd2 Bf8 19. Qf3 Nh7 20. Bb3 Qd7 21.
Ne4 Nd8 22. d4 Ne6 23. dxe5 Qc6 24. Bf6 Kh8 25. Qg4 Nxf6 26. Nxf6 1-0

[Event "4NCL Division 1b"]
[Site "Birmingham, ENG ENG"]
[Date "2016.02.13"]
[Round "5.152"]
[White "McNab, Colin A"]
[Black "Jones, Gawain C B"]
[Result "0-1"]
[WhiteElo "2439"]
[BlackElo "2629"]
[PlyCount "78"]
[EventDate "2016.02.13"]
[WhiteTeam "White Rose 1"]
[BlackTeam "Guildford 1"]

1. Nf3 d5 2. g3 Nc6 3. d4 Bg4 4. Bg2 Qd7 5. Nc3 e6 6. O-O Bxf3 7. Bxf3 f5 8.
Bg5 Be7 9. Bxe7 Ncxe7 10. e3 Nf6 11. Ne2 g5 12. Nc1 Ng6 13. Nd3 c6 14. c4 h5
15. Nc5 Qe7 16. Qb3 b6 17. Nd3 h4 18. cxd5 cxd5 19. Qb5+ Kf7 20. Rfc1 Rac8 21.
a4 hxg3 22. hxg3 f4 23. Ne5+ Nxe5 24. dxe5 Nd7 25. Rxc8 Rxc8 26. Qd3 Kg7 27.
exf4 gxf4 28. gxf4 Nc5 29. Qf1 Qh4 30. Qg2+ Kf7 31. Qh2 Rg8+ 32. Kh1 Rh8 33.
Qxh4 Rxh4+ 34. Kg2 Rxf4 35. a5 Kg6 36. axb6 axb6 37. Rh1 Nd3 38. Kg3 Rb4 39.
Bg4 Rxg4+ 0-1

[Event "4NCL Division 1b"]
[Site "Birmingham, ENG ENG"]
[Date "2016.02.13"]
[Round "5.153"]
[White "Edouard, Romain"]
[Black "Wells, Peter K"]
[Result "1-0"]
[WhiteElo "2611"]
[BlackElo "2427"]
[PlyCount "67"]
[EventDate "2016.02.13"]
[WhiteTeam "Guildford 1"]
[BlackTeam "White Rose 1"]

1. Nf3 d5 2. d4 Nf6 3. c4 e6 4. Nc3 c6 5. Bg5 h6 6. Bh4 dxc4 7. e4 g5 8. Bg3 b5
9. Be2 Bb7 10. Qc2 Nbd7 11. Nd2 h5 12. h4 g4 13. Rd1 Qb6 14. O-O Be7 15. Rfe1
Rd8 16. b3 cxb3 17. Nxb3 Rc8 18. Qb2 a6 19. d5 cxd5 20. exd5 e5 21. Bd3 Bd6 22.
Bf5 Kd8 23. Nd2 Bc5 24. Nde4 Bd4 25. Rxd4 Qxd4 26. Nxf6 Rxc3 27. Nxd7 Re3 28.
Rxe3 Qxb2 29. Bxe5 Qc1+ 30. Kh2 Rh6 31. Bf4 g3+ 32. Kxg3 Rg6+ 33. Bxg6 fxg6 34.
Nf6 1-0

[Event "4NCL Division 1b"]
[Site "Birmingham, ENG ENG"]
[Date "2016.02.13"]
[Round "5.154"]
[White "Palliser, Richard J D"]
[Black "Van Kampen, Robin"]
[Result "0-1"]
[WhiteElo "2420"]
[BlackElo "2627"]
[PlyCount "58"]
[EventDate "2016.02.13"]
[WhiteTeam "White Rose 1"]
[BlackTeam "Guildford 1"]

1. d4 e6 2. Nf3 Nf6 3. g3 d5 4. Bg2 b5 5. Bg5 Be7 6. Nbd2 O-O 7. Bxf6 Bxf6 8.
e4 Bb7 9. e5 Be7 10. c3 a5 11. h4 c5 12. Ng5 h6 13. Nh3 Nc6 14. Nf3 b4 15. O-O
a4 16. cxb4 Nxb4 17. Nf4 Ba6 18. Re1 Qb6 19. Nh2 cxd4 20. a3 Nc6 21. Ng4 d3 22.
Bf1 Qxb2 23. Bxd3 Bxd3 24. Qxd3 Qb3 25. Qd2 Rab8 26. Rac1 Rfc8 27. Nxh6+ gxh6
28. Nh5 Qf3 29. Qxh6 Qg4 0-1

[Event "4NCL Division 1b"]
[Site "Birmingham, ENG ENG"]
[Date "2016.02.13"]
[Round "5.155"]
[White "Maze, Sebastien"]
[Black "Townsend, M Paul"]
[Result "1-0"]
[WhiteElo "2593"]
[BlackElo "2249"]
[PlyCount "75"]
[EventDate "2016.02.13"]
[WhiteTeam "Guildford 1"]
[BlackTeam "White Rose 1"]

1. d4 d5 2. Nf3 e6 3. Bf4 Bd6 4. e3 Nf6 5. Nbd2 Bxf4 6. exf4 c5 7. dxc5 Qc7 8.
g3 Qxc5 9. Bd3 O-O 10. O-O Nc6 11. a3 Bd7 12. Re1 Rac8 13. b4 Qb6 14. c4 dxc4
15. Nxc4 Qc7 16. Rc1 Qb8 17. Nfe5 Nxe5 18. fxe5 Nd5 19. Be4 b5 20. Nd6 Rxc1 21.
Qxc1 Nb6 22. Bd3 Nc8 23. Ne4 Qxe5 24. Ng5 Qd6 25. Bxh7+ Kh8 26. Bb1 Ne7 27. Ne4
Qc6 28. Qg5 Nf5 29. Nc5 Bc8 30. Qf4 Kg8 31. Rd1 f6 32. Be4 Qe8 33. Qc7 e5 34.
Nd7 Qh5 35. Qc2 Bxd7 36. Rxd7 Nd4 37. Qc5 Re8 38. Rxd4 1-0

[Event "4NCL Division 1b"]
[Site "Birmingham, ENG ENG"]
[Date "2016.02.13"]
[Round "5.156"]
[White "Gantner, Matthias"]
[Black "Hebden, Mark L"]
[Result "0-1"]
[WhiteElo "2298"]
[BlackElo "2467"]
[PlyCount "52"]
[EventDate "2016.02.13"]
[WhiteTeam "White Rose 1"]
[BlackTeam "Guildford 1"]

1. e4 e5 2. f4 exf4 3. Nf3 Be7 4. Bc4 Nf6 5. e5 Ng4 6. d4 Bh4+ 7. Kf1 d6 8.
exd6 O-O 9. Bxf4 cxd6 10. g3 Be7 11. Nc3 Nf6 12. Kg2 d5 13. Bb3 Nc6 14. Qd3 Nb4
15. Qd2 Bf5 16. h3 Rc8 17. Rae1 Ne4 18. Qe2 Bd6 19. Bxd6 Qxd6 20. Nxe4 Bxe4 21.
c3 Nd3 22. Rd1 Qg6 23. Kh2 Rfe8 24. Rhf1 h6 25. Bc2 Nxb2 26. Bxe4 Nxd1 0-1

[Event "4NCL Division 1b"]
[Site "Birmingham, ENG ENG"]
[Date "2016.02.13"]
[Round "5.157"]
[White "Flear, Glenn C"]
[Black "Brown, Martin"]
[Result "1/2-1/2"]
[WhiteElo "2454"]
[BlackElo "2229"]
[PlyCount "124"]
[EventDate "2016.02.13"]
[WhiteTeam "Guildford 1"]
[BlackTeam "White Rose 1"]

1. d4 Nf6 2. c4 g6 3. Nc3 d5 4. cxd5 Nxd5 5. Bd2 Bg7 6. e4 Nb6 7. Be3 O-O 8.
Bb5 a6 9. Be2 Nc6 10. d5 Ne5 11. Bd4 g5 12. h4 g4 13. Bxe5 Bxe5 14. Bxg4 f5 15.
Bxf5 Bxf5 16. exf5 Bxc3+ 17. bxc3 Qxd5 18. Qg4+ Kh8 19. Nf3 Qxf5 20. Qxf5 Rxf5
21. O-O-O Rg8 22. Rhe1 Rxg2 23. Ng5 e5 24. Rd8+ Kg7 25. Ne4 Nc4 26. Red1 Nd6
27. Rd7+ Rf7 28. Nxd6 cxd6 29. R1xd6 Rgxf2 30. Rxf7+ Kxf7 31. Rd7+ Kg6 32. Rxb7
Rxa2 33. Re7 Re2 34. Re6+ Kf5 35. Rxa6 h5 36. Rh6 Kg4 37. Kd1 Re4 38. Kd2 Kxh4
39. Rg6 Rg4 40. Re6 Rg5 41. c4 Kg3 42. c5 h4 43. c6 h3 44. c7 h2 45. c8=Q h1=Q
46. Qc3+ Kg4 47. Qd3 Qg2+ 48. Qe2+ Qxe2+ 49. Kxe2 Kf4 50. Rf6+ Ke4 51. Ra6 Rg2+
52. Ke1 Rc2 53. Ra3 Kd4 54. Rh3 e4 55. Ra3 Rc3 56. Rxc3 Kxc3 57. Ke2 Kd4 58.
Kd2 e3+ 59. Ke2 Ke4 60. Ke1 Kd3 61. Kd1 e2+ 62. Ke1 Ke3 1/2-1/2

[Event "4NCL Division 1b"]
[Site "Birmingham, ENG ENG"]
[Date "2016.02.13"]
[Round "5.158"]
[White "Maroroa, Sue"]
[Black "Milliet, Sophie"]
[Result "1/2-1/2"]
[WhiteElo "2297"]
[BlackElo "2361"]
[PlyCount "77"]
[EventDate "2016.02.13"]
[WhiteTeam "White Rose 1"]
[BlackTeam "Guildford 1"]

1. e4 c5 2. c3 Nf6 3. e5 Nd5 4. d4 cxd4 5. cxd4 d6 6. Nf3 Nc6 7. Bc4 e6 8. O-O
Be7 9. Qe2 O-O 10. Nc3 Nxc3 11. bxc3 dxe5 12. dxe5 Qc7 13. Re1 b6 14. Bd3 Bb7
15. h4 Rfd8 16. Bg5 h6 17. Bf4 Na5 18. Rac1 Ba3 19. Nd4 Bxc1 20. Rxc1 Qe7 21.
Qg4 Kh8 22. Qh5 Qf8 23. Bb1 Bd5 24. Rd1 Nc4 25. Nb5 Bc6 26. Nd6 Nxd6 27. exd6
Rac8 28. Be5 Kg8 29. Rd4 f5 30. Bd3 Be8 31. Qd1 Rc5 32. f4 Rxc3 33. Bc4 Bd7 34.
Qd2 Rg3 35. Qf2 Ra3 36. Qb2 Rg3 37. Qf2 Ra3 38. Qb2 Rg3 39. Qf2 1/2-1/2

[Event "4NCL Division 1b"]
[Site "Birmingham, ENG ENG"]
[Date "2016.02.13"]
[Round "5.161"]
[White "Gormally, Daniel W"]
[Black "Roberson, Peter T"]
[Result "1-0"]
[WhiteElo "2497"]
[BlackElo "2393"]
[PlyCount "53"]
[EventDate "2016.02.13"]
[WhiteTeam "Blackthorne Russia"]
[BlackTeam "Grantham Sharks 1"]

1. e4 e6 2. d4 d5 3. Nd2 c5 4. exd5 Qxd5 5. Ngf3 cxd4 6. Bc4 Qd6 7. O-O Nf6 8.
Nb3 Nc6 9. Nbxd4 Nxd4 10. Nxd4 a6 11. Bb3 Qc7 12. Qf3 Bd6 13. h3 O-O 14. Bg5 b6
15. Bxf6 gxf6 16. Rad1 f5 17. Qh5 Bh2+ 18. Kh1 Be5 19. Rfe1 Kh8 20. c3 Rg8 21.
Rxe5 Qxe5 22. Qxf7 Rg7 23. Nxf5 Qe1+ 24. Kh2 Rxg2+ 25. Kxg2 Bb7+ 26. Qxb7 Rg8+
27. Ng3 1-0

[Event "4NCL Division 1b"]
[Site "Birmingham, ENG ENG"]
[Date "2016.02.13"]
[Round "5.162"]
[White "Batchelor, Peter J"]
[Black "Ledger, Andrew J"]
[Result "1-0"]
[WhiteElo "2342"]
[BlackElo "2391"]
[PlyCount "71"]
[EventDate "2016.02.13"]
[WhiteTeam "Grantham Sharks 1"]
[BlackTeam "Blackthorne Russia"]

1. d4 e6 2. c4 Nf6 3. g3 d5 4. Nf3 Bb4+ 5. Bd2 Be7 6. Bg2 O-O 7. O-O c6 8. Qc2
Nbd7 9. b3 b6 10. Bc3 Bb7 11. Nbd2 c5 12. dxc5 Nxc5 13. Rad1 Rc8 14. Rfe1 Rc7
15. Be5 Rd7 16. b4 Nce4 17. Qa4 Qa8 18. Nxe4 dxe4 19. Bxf6 Rxd1 20. Bxe7 Rxe1+
21. Nxe1 Qe8 22. Qxe8 Rxe8 23. Bd6 Rd8 24. c5 bxc5 25. bxc5 Bd5 26. a3 f5 27.
f3 Rd7 28. fxe4 fxe4 29. Nc2 Kf7 30. Kf2 Rb7 31. Nb4 e3+ 32. Kg1 Bxg2 33. Kxg2
Rb5 34. c6 Ke8 35. c7 Kd7 36. Nc6 1-0

[Event "4NCL Division 1b"]
[Site "Birmingham, ENG ENG"]
[Date "2016.02.13"]
[Round "5.163"]
[White "Ansell, Simon T"]
[Black "Rendle, Thomas E"]
[Result "1-0"]
[WhiteElo "2358"]
[BlackElo "2366"]
[PlyCount "81"]
[EventDate "2016.02.13"]
[WhiteTeam "Blackthorne Russia"]
[BlackTeam "Grantham Sharks 1"]

1. e4 e6 2. d4 d5 3. Nd2 c5 4. Ngf3 cxd4 5. Nxd4 Nc6 6. Nxc6 bxc6 7. Bd3 Nf6 8.
O-O Be7 9. e5 Nd7 10. Re1 Nc5 11. Bf1 a5 12. Nb3 O-O 13. Nd4 Qe8 14. Bf4 Kh8
15. Qh5 Bd7 16. c4 Rb8 17. b3 f5 18. Qxe8 Rfxe8 19. f3 Nb7 20. cxd5 cxd5 21.
Rac1 Rbc8 22. Ba6 Rxc1 23. Rxc1 Nc5 24. Be2 Rc8 25. Be3 Nb7 26. Rxc8+ Bxc8 27.
Ba6 Bc5 28. Bf2 Bxd4 29. Bxd4 Kg8 30. Bb6 Kf7 31. Kf2 f4 32. g3 g5 33. Kg2 Ke7
34. gxf4 gxf4 35. Kh3 Kd7 36. Bb5+ Ke7 37. Kg4 Bd7 38. Bd3 h6 39. Kh5 d4 40.
Kxh6 Bc6 41. Kg5 1-0

[Event "4NCL Division 1b"]
[Site "Birmingham, ENG ENG"]
[Date "2016.02.13"]
[Round "5.164"]
[White "Williams, Samuel G"]
[Black "Bates, Richard A"]
[Result "1-0"]
[WhiteElo "2242"]
[BlackElo "2332"]
[PlyCount "69"]
[EventDate "2016.02.13"]
[WhiteTeam "Grantham Sharks 1"]
[BlackTeam "Blackthorne Russia"]

1. d4 Nf6 2. c4 e6 3. Nc3 Bb4 4. f3 c5 5. d5 d6 6. e4 O-O 7. Nge2 b5 8. Nf4 e5
9. Nfe2 Nh5 10. g4 Qh4+ 11. Kd2 f5 12. gxh5 fxe4 13. Ng3 Rxf3 14. Be2 Rf2 15.
Kc2 Bxc3 16. bxc3 Bg4 17. Be3 Bxe2 18. Nxe2 Rf3 19. Qg1 Qxh5 20. Rf1 Nd7 21.
Qg5 Qf7 22. Rxf3 exf3 23. Ng3 Rf8 24. Ne4 bxc4 25. Nxd6 Qxd5 26. Rd1 Qc6 27.
Rg1 g6 28. Qe7 Qa4+ 29. Kb1 f2 30. Rf1 Nf6 31. Bh6 Rb8+ 32. Ka1 Nh5 33. Qe6+
Kh8 34. Nf7+ Kg8 35. Ng5+ 1-0

[Event "4NCL Division 1b"]
[Site "Birmingham, ENG ENG"]
[Date "2016.02.13"]
[Round "5.165"]
[White "Webb, Laurence E"]
[Black "Tavares, Shawn P"]
[Result "0-1"]
[WhiteElo "2296"]
[BlackElo "2141"]
[PlyCount "80"]
[EventDate "2016.02.13"]
[WhiteTeam "Blackthorne Russia"]
[BlackTeam "Grantham Sharks 1"]

1. d4 Nf6 2. c4 c5 3. d5 b5 4. cxb5 a6 5. bxa6 g6 6. Nc3 Bg7 7. e4 O-O 8. Nf3
Qa5 9. Bd3 Nxd5 10. exd5 Bxc3+ 11. Nd2 Bxa6 12. Bxa6 Bxd2+ 13. Bxd2 Qxa6 14.
Bc3 e6 15. dxe6 Re8 16. f3 Qxe6+ 17. Kf2 Qe3+ 18. Kg3 Qg5+ 19. Kf2 Qe3+ 20. Kg3
Qg5+ 21. Kf2 Qh4+ 22. g3 Qc4 23. Re1 Rxe1 24. Qxe1 Nc6 25. Rd1 Nd4 26. Bxd4
cxd4 27. a3 Rb8 28. Rd2 Rb5 29. Qe2 Qc6 30. Qd3 Rh5 31. Kg2 Rf5 32. b4 h5 33.
Rf2 h4 34. gxh4 Qf6 35. f4 Qxh4 36. Qh3 Qf6 37. Rc2 Kg7 38. Rc8 Rh5 39. Qg3 Qe6
40. Rc2 Qe4+ 0-1